000 00300nam a22001337a 4500
008 170628b xxu||||| |||| 00| 0 eng d
020 _a9780130485618
041 _aeng
080 _24 ED
_a82
100 _a21
101 _aGJL
245 _aFROM PLATO TO DERRIDA
_cBAIRDS.F.E
942 _2udc
_cBK
999 _c19356
_d19356